NCAER research for development. (Record no. 76518)

MARC details
000 -LEADER
fixed length control field 00723cam a22002411 4500
001 - CONTROL NUMBER
control field sa 67007347
003 - CONTROL NUMBER IDENTIFIER
control field DLC
005 - DATE AND TIME OF LATEST TRANSACTION
control field 20260227112415.0
008 - FIXED-LENGTH DATA ELEMENTS--GENERAL INFORMATION
fixed length control field 790502s1966 ii 000 1 eng
010 ## - LIBRARY OF CONGRESS CONTROL NUMBER
LC control number sa 67007347
035 ## - SYSTEM CONTROL NUMBER
System control number (OCoLC)4920918
040 ## - CATALOGING SOURCE
Original cataloging agency DLC
Transcribing agency CU-S
Modifying agency DLC
050 00 - LIBRARY OF CONGRESS CALL NUMBER
Classification number HC435.2
Item number .N338
082 ## - DEWEY DECIMAL CLASSIFICATION NUMBER
Classification number 330.954
110 2# - MAIN ENTRY--CORPORATE NAME
Corporate name or jurisdiction name as entry element National Council of Applied Economic Research.
245 10 - TITLE STATEMENT
Title NCAER research for development.
260 ## - PUBLICATION, DISTRIBUTION, ETC.
Place of publication, distribution, etc. New Delhi,
Date of publication, distribution, etc. [1966]
300 ## - PHYSICAL DESCRIPTION
Extent 83 p.
Dimensions 24 cm.
490 1# - SERIES STATEMENT
Series statement Its Occasional paper,
Volume/sequential designation 20
651 #0 - SUBJECT ADDED ENTRY--GEOGRAPHIC NAME
Geographic name India
General subdivision Economic conditions
Chronological subdivision 1947-
650 #0 - SUBJECT ADDED ENTRY--TOPICAL TERM
Topical term or geographic name entry element Economics
General subdivision Research
Geographic subdivision India.
810 2# - SERIES ADDED ENTRY--CORPORATE NAME
Corporate name or jurisdiction name as entry element National Council of Applied Economic Research.
Title of a work Occasional paper,
Volume/sequential designation 20.

No items available.

Powered by Koha